| 000 | 00000nam##2200000za#4500 |
| 001 | 9.606020 |
| 003 | CaOODSP |
| 005 | 20210624212419 |
| 007 | cr ||||||||||| |
| 008 | 150406|2010||||xxc|||||o f|0| 0 fre|d |
| 022 | |a1920-6623 |
| 040 | |aCaOODSP|bfre |
| 043 | |an-cn--- |
| 086 | 1 |aA74-1/4-2010F-PDF |
| 110 | 1 |aCanada. |bAgriculture et agroalimentaire Canada. |bBureau des marchés internationaux. |
| 245 | 10|aL'étiquetage des produits alimentaires en Europe - modification de la réglementation sur l'étiquetage de l'Union européenne et nouvelles éco-étiquettes en France |h[ressource électronique] |
| 260 | |aOttawa - Ontario : |bAgriculture et Agroalimentaire Canada. |cSeptembre 2010. |
| 300 | |a13p.|bfigures, références |
| 490 | 1 |aRapport sur les indicateurs de marché |x1920-6623 |
| 590 | |a13-20-Supp|b2013-08-30 |
| 775 | 08|tFood labels in Europe - changes to E.U. labelling regulations and new eco-labels in France |w(CaOODSP)9.577225 |
| 830 | #0|aRapport sur les indicateurs de marché,|x1920-6623|w(CaOODSP)9.502757 |
| 856 | 40|ahttp://publications.gc.ca|qPDF|s1.18 Mo|uhttps://publications.gc.ca/collections/collection_2013/aac-aafc/A74-1-4-2010-fra.pdf |
| 986 | |aNo AAC. 10744F |